000 00602nam a2200229Ia 4500
005 20250508164731.0
008 008 250505s9999 xx 000 0 eng d
020 _a0-415-05510-5
037 _aTextual
040 _aFEDL
_beng
_cFEDL
041 _aeng
_2eng
084 _a370.19, UNE
_qFEDL
100 _aRay Douglas and others
_9779013
245 0 _aEducation for human rights : An international perspective
245 0 _cUNESCO
260 _c1994
300 _a304p.
365 _aFF
_b120
546 _aMACESE
942 _cTEXL
_h370.19, UNE
999 _c1390819
_d1390819